La célula /
Las principales características de la unidad básica de la vida, sus estructuras internas y su forma de comunicación con otras células. Cómo funcionan los distintos tipos de células, cómo se comunican entre sí, y de qué manera se imparten las órdenes para que una célula se divida, ejecute su función,...
Guardado en:
| Autor Principal: | |
|---|---|
| Autor Corporativo: | |
| Otros Autores: | , |
| Formato: | |
| Publicado: |
Argentina,
2008
|
| Series: | Explora. Ciencias Naturales
|
| Materias: | |
| Etiquetas: |
Agregar Etiqueta
Sin Etiquetas, Sea el primero en etiquetar este registro!
|
| LEADER | 01274ngm a22003255g 4500 | ||
|---|---|---|---|
| 001 | CEM.cems023182 | ||
| 008 | 130507s2008##################0###0#####d | ||
| 005 | 20241220142805.0 | ||
| 245 | 1 | 0 | |a La célula / |c Víctor Ramos. |
| 260 | |a Argentina, |c 2008 | ||
| 300 | |a 28'. | ||
| 490 | 0 | |a Explora. Ciencias Naturales | |
| 500 | |a Consultar en ventanilla. | ||
| 520 | |a Las principales características de la unidad básica de la vida, sus estructuras internas y su forma de comunicación con otras células. Cómo funcionan los distintos tipos de células, cómo se comunican entre sí, y de qué manera se imparten las órdenes para que una célula se divida, ejecute su función, o muera. | ||
| 538 | |a Soporte: DVD - Color: Si - Grabación DRD | ||
| 590 | |a Identificación anterior registrada en SIABUC: DVD Nº47 | ||
| 100 | 1 | |a Ramos, Víctor. | |
| 710 | 2 | |a Canal Encuentro. | |
| 700 | 1 | |a Paenza, Adrián; Conducción. | |
| 700 | 1 | |a Folguera, Andrés; Co-autor. | |
| 082 | 5 | 7 | |/ RAM |
| 653 | |a BIOLOGÍA | ||
| 653 | |a CIENCIAS NATURALES | ||
| 653 | |a GENETICA | ||
| 653 | |a CELULA | ||
| 653 | |a ADN | ||
| 653 | |a ARN | ||
| 653 | |a NIVEL SECUNDARIO | ||
| 653 | |a SERIE DE TELEVISIÓN | ||
| 859 | |a CEMS |b BIB. CEMS - Depto. Recursos Didacticos |h 570 |i RAM |k DRD |p 1825.13 |t Ej.1 | ||
